On This Day: June 1st II Quiz Stats

 Plays Quiz Updated Jun 1, 2018

Score 0/7 Timer 03:00
0 Plays Today
Question Answer Wrong Answers
Known as ‘The Volunteer State’ today, ______ is admitted as the 16th US state.
1796
Tennessee
81.4%
Alabama
4%
Maine
7.4%
Missouri
7.1%
This multinational corporation based in Detroit, the largest automobile manufacturer from 1931 through 2007, files for Chapter 11 bankruptcy.
2009
General Motors
76.9%
Ford
18.9%
Renault
1.7%
BMW
0.9%
The Treaty of Bosque Redondo is signed, allowing Navajo who had forcefully been relocated during ‘The Long Walk’ to return to their lands in ______ and New Mexico.
1868
Arizona
66.3%
Texas
11%
Oklahoma
19.7%
Nebraska
2.1%
State prosecutors sentence Oklahoma City bombing co-conspirator ______ to 161 consecutive life terms without parole, breaking a Guinness World Record.
2004
Terry Nichols
62.5%
Ted Kaczynski
25%
Gary Ridgway
7.8%
D. B. Cooper
3.2%
Ion Antonescu, the Conducător (Leader) of Nazi-allied ______ during World War II, is executed for committing war crimes.
1946
Romania
61.1%
Bulgaria
8.9%
Czechoslovakia
26.4%
Norway
2.3%
This classically trained American actor, known for starring in comedy western 'Blazing Saddles', is born.
1939
Cleavon Little
54.4%
Gregory Hines
12.1%
Richard Pryor
28%
Dave Chappelle
4.5%
With tensions between the United States and United Kingdom rising, this US President asks Congress for a declaration of war.
1812
James Madison
49.9%
Thomas Jefferson
19.5%
John Adams
10.5%
James Monroe
19.7%

You're not logged in!

Compare scores with friends on all Sporcle quizzes.
OR
Log In

Sporcle TV

Today on Sporcle TV


Watch our educational content, quiz creation guides, and fun videos on Sporcle TV.

Show Comments

Extras

Top Quizzes Today


Score Distribution

Your Account Isn't Verified!

In order to create a playlist on Sporcle, you need to verify the email address you used during registration. Go to your Sporcle Settings to finish the process.

Report this User

Report this user for behavior that violates our Community Guidelines.

Details: